| 000 | 02114cam a2200445 4500 | ||
|---|---|---|---|
| 001 | J2755 | ||
| 008 | 090401t1994 xxu||||| |||| 00| 0 eng d | ||
| 035 | _a(Sirsi) u51043 | ||
| 041 | _aeng | ||
| 050 | _a526.9 | ||
| 110 |
_aAssociation Francaise de Topographie _91801 |
||
| 245 | _a3eme Conference Internationale sur la Topographie ... Paris les 6,7 et 8 decembre 1994, London December 9, 1994 ... geodesy & engineering survey of large linear projects. | ||
| 260 |
_bAssociation Francaise de Topographie _c1994 |
||
| 300 | _a283p. ; 30cm. | ||
| 350 | _a0 | ||
| 520 | _aPapers include: - The Thames Water Ring Main./ FARROW, J.P. & JONES, D.E. B. - DVG digital video geographic system./ TAYLOR, M. - High precision metrology of quasi-linear networks for alignment of particle accelerators. / MAYOUD, M. - Great man-made river project./ HUMPHREY, J. - The Oman India pipeline route survey./ JOHNSTON, G.T. - Precision monitoring of large linear projects with automatic monitoring systems./ KATOWSKI, O. - Control of surveying activities along the Jubilee Line extension project./ MAY, M.R. - Geodetic levelling in the Channel Tunnel./ CALVERT, C. - The impact of GPS on civil engineering projects: a blessing or a curse?/ ASHKENAZI, V. - Kinematic control surveys for linear route mapping./ COOPER, M.A.R. & LEAHY, F.J. - The survey of the Gottard Base Tunnel./ EGGER, K. | ||
| 650 | _aAPSWIN SYSTEM | ||
| 650 | _aAUTOMATIC MONITORING SYSTEMS | ||
| 650 | _aCERN | ||
| 650 | _aCHANNEL TUNNEL | ||
| 650 | _aCITOP | ||
| 650 | _aCONFERENCES | ||
| 650 | _aCONTROL SURVEYS | ||
| 650 | _aDIGITAL VIDEO GEOGRAPHIC SYSTEMS | ||
| 650 | _aENGINEERING SURVEYING | ||
| 650 | _aGAS PIPES | ||
| 650 | _aGOTTARD BASE TUNNEL | ||
| 650 | _aGPS | ||
| 650 | _aJUBILEE LINE | ||
| 650 | _aLAND SURVEYING | ||
| 650 | _aLIBYA | ||
| 650 | _aLINEAR ROUTE MAPPING | ||
| 650 | _aNORTECH SURVEYS | ||
| 650 | _aPARTICLE ACCELERATORS | ||
| 650 | _aTHAMES WATER RING MAIN | ||
| 690 | _aLAND SURVEYING | ||
| 710 |
_aRoyal Institution of Chartered Surveyors _94900 |
||
| 942 | _n0 | ||
| 948 | _c04/03/1997 | ||
| 999 |
_c92804 _d92804 |
||